| 000 | 00945cam a22001934a 4500 | ||
|---|---|---|---|
| 005 | 20250605163921.0 | ||
| 008 | 250528s ||||||||||||||||||||||||d | ||
| 035 | _a14408 | ||
| 020 | _a470844582 | ||
| 040 |
_aGR-AtMCL _bgre _dGR-AtMCL _eAACR2 |
||
| 245 | 1 | _aIntroduction to the Practice of Psychoanalytic Psychotherapy | |
| 260 |
_bWiley, _c2006 |
||
| 300 | _a318 | ||
| 520 | _aThis practical textbook demystifies the practice of psychoanalytic psychotherapy. Preface, Acknowledgements, Introduction: Psychoanalysis in the Twenty-First Century, An Overview of the Schools of Psychoanalysis: Theory and Practice, The Process of Psychic Change, The Analytic Frame and the Analytic Attitude, Assessment and Formulation, Unconscious Communication, Defenses and Resistance, Transference and Countertransference, Working with Endings, References, Index. | ||
| 700 | 1 |
_aLemma Alessandra _958 |
|
| 942 | _cBK | ||
| 999 |
_c42 _d42 |
||